000
00332nam a2200133Ia 4500
008
150301s2015 xx 000 0 und d
082
_a
615.19
_b
P13B
100
_a
BHUSARI, KP
245
_a
PHARMACEUTICAL QUALITY ASSURANCE & MANAGEMENT
260
_b
PHARMA MED PRESS
300
_a
562
650
_a
PHARMACEUTICS
942
_2
ddc
_c
BK
999
_c
7376
_d
7376